00378cam a22001337a 4500008004000000082001300040100002000053245007800073250000900151260002700160300001000187650002300197700002400220180718b1962 xxu||||| |||| 00| 0 eng d aB2 B445h aBentham, Jeremy aHandbook of political fallaciescby Jeremy Bentham and Harold A. Larrabee arev. aNew YorkbHarperc1962 a268p. aPolitical Science. aLarrabee, Harold A.